• 首页
  • 本馆介绍
  • 公告通知
  • 最新文献
  • 馆藏检索
  • 电子资源
  • 读者导购
  • 参考咨询
  • 我的图书馆
  • 登录
  • 详细信息显示
  • 放入我的书架
  • 预约/预借图书
  • 作者相关作品
  • 分类相关作品
  • 丛书相关作品
  • 出版社相关作品

书目信息

  • 表格格式
  • 工作单格式
  • 卡片格式
题名:
村镇住宅防灾与节能
    
 
作者: 王清勤 主编 ;中国建筑科学研究院公司 , 住房和城乡建设部 主编
分册:  
出版信息: 北京   北京科学技术出版社  2018.05
页数: 373页
开本: 26cm
丛书名:
单 册:
中图分类: TU241.4
科图分类:
主题词: 农村住宅--灾害防治--研究 , 农村住宅--节能--研究
电子资源:
ISBN: 978-7-5304-8420-3
000 01033nam0 2200253 450
001 1213
005 20180927154621.12
010    @a978-7-5304-8420-3@dCNY48.00
100    @a20180714d2018 em y0chiy50 ea
101 0  @achi
102    @aCN@b110000
105    @aa z 000yy
200 1  @a村镇住宅防灾与节能@9cun zhen zhu zhai fang zai yu jie neng@f王清勤主编
210    @a北京@c北京科学技术出版社@d2018.05
215    @a373页@c图@d26cm
330    @a本书总结了村镇所面临的地震、强风、洪水、火灾及地质灾害常用的防灾减灾方法,归纳了住宅建筑中围护结构、采暖、灶具和可再生能源利用方面常用的节能措施,并结合一些具有特色的案例进行技术展示。
606 0  @a农村住宅@x灾害防治@x研究
606 0  @a农村住宅@x节能@x研究
690    @aTU241.4@v5
701  0 @a王清勤@9wang qing qin@c(工程)@4主编
712 02 @a中国建筑科学研究院公司@9zhong guo jian zhu ke xue yan jiu yuan gong si@4主编
712 02 @a住房和城乡建设部@9zhu fang he cheng xiang jian she bu@b防灾研究中心@4主编
801  0 @aCN@b91MARC@c20180714
905    @aMuseLib@dTU241.4@e1444
    
    村镇住宅防灾与节能/王清勤主编.-北京:北京科学技术出版社,2018.05
    373页:图;26cm
    
    
    ISBN 978-7-5304-8420-3:CNY48.00
    本书总结了村镇所面临的地震、强风、洪水、火灾及地质灾害常用的防灾减灾方法,归纳了住宅建筑中围护结构、采暖、灶具和可再生能源利用方面常用的节能措施,并结合一些具有特色的案例进行技术展示。
●
相关链接 在E读中查询图书 在五车中查询图书 在当当中查询图书 在豆瓣中查询图书


正题名:村镇住宅防灾与节能     索取号:TU241.4/1444         预约/预借

序号 登录号 条形码 馆藏地/架位号 状态 备注
1 1121719   211217191   第二样本阅览室/ [索取号:TU241.4/1444] 在馆    
2 1121720   211217208   第三借阅区/ [索取号:TU241.4/1444] 在馆    
3 1121721   211217217   第三借阅区/ [索取号:TU241.4/1444] 在馆    
4 1121722   211217226   第三借阅区/ [索取号:TU241.4/1444] 在馆    
5 1121723   211217235   密集书库-资源管理系/ [索取号:TU241.4/1444] 在馆    
唐山师范学院图书馆 欢迎您!
大连网信软件有限公司© 版权所有